00289nam a2200121Ia 4500008004100000082001800041100002200059245003500081250001100116260002400127300000800151650000800159191201s2010 xx 000 0 und d a658.4038bJAM aJAWADEKAR,Waman S 0aManagement Information Systems a13 IMP aN. DelhibTMHc2010 a829 aBBA